000
00280cam a22000977a 4500
008
180718b1965 xxu||||| |||| 00| 0 eng d
082
_a
K63x42 Un3r
245
_a
Report of the standing security commission
260
_a
London
_b
Her Majesty's Stationery Office
_c
1965
300
_a
51+p.
999
_c
500126
_d
500126